|
|
|
|
| LEADER |
00000cam a2200000 a 4500 |
| 001 |
vtls010686377 |
| 003 |
SK-MaSNL |
| 005 |
20260301035448.0 |
| 008 |
160430s2015 xo oa b f 000 0 slo |
| 015 |
|
|
|a SNBA2015/07
|
| 020 |
|
|
|a 9788055613727
|q (brož.)
|
| 035 |
|
|
|a 8F913A9D-96A5-490B-8374-9EB1C40AE0EE
|
| 035 |
|
|
|a urn:nbn:sk:snk-amjztk
|
| 035 |
|
|
|a urn:nbn:sk:snk-am0083vq
|
| 040 |
|
|
|a SNK
|b slo
|c SNK
|e AACR2
|
| 041 |
1 |
|
|a slo
|h eng
|
| 044 |
|
|
|a xo
|c SK
|
| 072 |
|
7 |
|a 636
|x Chov zvierat. Živočíšna výroba
|2 konspekt
|
| 072 |
|
7 |
|a 0/9-053.2
|x Literatúra pre deti a mládež (náučná)
|2 konspekt
|
| 080 |
|
|
|a 636.7
|2 2001
|
| 080 |
|
|
|a 636.088
|2 2001
|
| 080 |
|
|
|a (035)
|2 2001
|
| 080 |
|
|
|a (0.053.2)
|2 2001
|
| 100 |
1 |
|
|a Sundance, Kyra,
|d 1970-
|4 aut
|9 115139
|
| 240 |
1 |
0 |
|a 101 Dog Tricks: Kids edition
|l Slovensky
|
| 245 |
1 |
0 |
|a 101 psích trikov
|b vydanie pre deti : zábavné hry a aktivity pre malých cvičiteľov psov
|c Kyra Sundance ; [z anglického originálu ... preložili Miriam Ghaniová a Katarína Bukovenová]
|
| 246 |
3 |
|
|a Stojeden psích trikov
|
| 250 |
|
|
|a 1. slov. vyd.
|
| 260 |
|
|
|a Bratislava
|b Slovart
|c 2015
|
| 300 |
|
|
|a 191 s.
|b fareb. fotogr., ilustr.
|c 23 cm
|
| 521 |
1 |
|
|a Pre deti od 5 rokov
|
| 650 |
0 |
7 |
|a psy
|2 SNKPH
|9 1288
|
| 650 |
0 |
7 |
|a Dogs
|2 SNKPHeng
|9 267341
|
| 650 |
0 |
7 |
|a výcvik zvierat
|2 SNKPH
|9 67537
|
| 650 |
0 |
7 |
|a Animal training
|2 SNKPHeng
|9 332424
|
| 655 |
|
7 |
|a príručky
|2 SNKPH
|9 74364
|
| 655 |
|
7 |
|a Handbooks, manuals, etc.
|2 SNKPHeng
|9 90964
|
| 655 |
|
7 |
|a publikácie pre deti
|2 SNKPH
|9 70148
|
| 655 |
|
7 |
|a Children's literature
|2 SNKPHeng
|9 276039
|
| 700 |
1 |
|
|a Ghaniová, Miriam
|4 trl
|9 43894
|
| 700 |
1 |
|
|a Bukovenová, Katarína
|4 trl
|9 207494
|
| 852 |
|
|
|a Štátna vedecká knižnica v Banskej Bystrici
|
| 919 |
|
|
|a 978-80-556-1372-7
|
| 958 |
|
|
|a OP
|
| 958 |
|
|
|a DB
|
| 968 |
|
|
|b ENG
|
| 999 |
|
|
|c 584039
|d 585969
|
| 952 |
|
|
|a SNK
|b SNK
|y PREZ
|7 0
|p 17A1168391
|o snkSC 165515
|i snk2015/21912
|8 0
|0 0
|1 0
|4 0
|d 2015-07-16
|f 1
|l 0
|r 2026-02-23 15:03:11
|w 2026-02-23
|
| 952 |
|
|
|a SNK
|b SNK
|y VYP
|7 0
|p 17A1168390
|o snkSC 165515 D1
|i snk2015/21913
|8 0
|0 0
|1 0
|4 0
|d 2015-07-16
|l 0
|r 2026-02-23 15:03:11
|w 2026-02-23
|